| 000 | 00620nam a22001817a 4500 | ||
|---|---|---|---|
| 005 | 20100724115223.0 | ||
| 010 | _aENG-96553 | ||
| 020 |
_a9788187332541 _c175.00 |
||
| 035 | _aEN-80086 | ||
| 037 | _bDBAD/PUB | ||
| 082 | _a181.47 | ||
| 245 |
_aUnderstanding consciousness: _brecent advances / |
||
| 260 |
_aKolkata _bRamakrishna Mission Institute of Culture _c2009 |
||
| 270 |
_aGol Park, Kolkata-700029 _bKolkata |
||
| 300 |
_ax, 469p. _c23cm (Hb) |
||
| 942 |
_2ddc _cEN _mUND _h181.47 |
||
| 999 |
_c37514 _d37514 |
||